| 000 | 00863cam a2200193 i 4500 | ||
|---|---|---|---|
| 005 | 20260125110004.0 | ||
| 008 | 250721s2022 jo gr 000 0 ara d | ||
| 020 | _a9789923990308 | ||
| 082 | 1 | 4 |
_a345.07 _bع و ا |
| 100 | 1 |
_aالعواملة، عمر سلمان _eمؤلف. |
|
| 245 | 1 | 0 |
_aحجية الحكم الجنائي أمام سلطات التأديب : _bدراسة مقارنة بين التشريعات في مصر والاردن والتطبيقات القضائية والاراء الفقهية / _cالدكتور عمر سلمان العواملة. |
| 250 | _aالطبعة الأولى. | ||
| 264 | 3 | 1 |
_aعمان : _bجهينة للنشر والتوزيع، _c2022. |
| 300 | _a264 صفحة. | ||
| 650 | 1 | 7 | _aالقانون الجنائي. |
| 650 | 1 | 7 | _aالحكم الجنائي. |
| 942 |
_2ddc _cBK |
||
| 999 |
_c144191 _d144191 |
||